<?xml version="1.0" encoding="UTF-8"?>
<record
    xmlns:xsi="http://www.w3.org/2001/XMLSchema-instance"
    xsi:schemaLocation="http://www.loc.gov/MARC21/slim http://www.loc.gov/standards/marcxml/schema/MARC21slim.xsd"
    xmlns="http://www.loc.gov/MARC21/slim">

  <leader>01794nam1a22002531i 4500</leader>
  <controlfield tag="001">rc\2347147</controlfield>
  <controlfield tag="005">20260408004522.0</controlfield>
  <datafield tag="035" ind1=" " ind2=" ">
    <subfield code="a">(NLR Aleph) 008785543</subfield>
  </datafield>
  <datafield tag="090" ind1=" " ind2=" ">
    <subfield code="a">8008859</subfield>
    <subfield code="c">8008859</subfield>
  </datafield>
  <datafield tag="100" ind1=" " ind2=" ">
    <subfield code="a">20110829d1977    |||y0rusy50      ca</subfield>
  </datafield>
  <datafield tag="101" ind1="0" ind2=" ">
    <subfield code="a">rus</subfield>
  </datafield>
  <datafield tag="102" ind1=" " ind2=" ">
    <subfield code="a">RU</subfield>
  </datafield>
  <datafield tag="105" ind1=" " ind2=" ">
    <subfield code="a">y   z   |||||</subfield>
  </datafield>
  <datafield tag="200" ind1="1" ind2=" ">
    <subfield code="a">&#x422;&#x435;&#x437;&#x438;&#x441;&#x44B; &#x434;&#x43E;&#x43A;&#x43B;&#x430;&#x434;&#x43E;&#x432; &#x438; &#x441;&#x43E;&#x43E;&#x431;&#x449;&#x435;&#x43D;&#x438;&#x439;...</subfield>
    <subfield code="f">&#x41C;-&#x432;&#x43E; &#x43F;&#x440;&#x43E;&#x441;&#x432;&#x435;&#x449;. &#x421;&#x421;&#x421;&#x420;. &#x41C;-&#x432;&#x43E; &#x43F;&#x440;&#x43E;&#x441;&#x432;&#x435;&#x449;. &#x420;&#x421;&#x424;&#x421;&#x420;. &#x41C;&#x43E;&#x441;&#x43A;. &#x433;&#x43E;&#x441;. &#x43F;&#x435;&#x434;. &#x438;&#x43D;-&#x442; &#x438;&#x43C;. &#x412;.&#x418;. &#x41B;&#x435;&#x43D;&#x438;&#x43D;&#x430;. &#x41D;&#x430;&#x443;&#x447;. &#x441;&#x43E;&#x432;&#x435;&#x442; &#x410;&#x41D; &#x421;&#x421;&#x421;&#x420; &#x43F;&#x43E; &#x43A;&#x43E;&#x43C;&#x43F;&#x43B;&#x435;&#x43A;&#x441;&#x43D;&#x43E;&#x439; &#x43F;&#x440;&#x43E;&#x431;&#x43B;&#x435;&#x43C;&#x435; "&#x418;&#x441;&#x442;&#x43E;&#x440;&#x438;&#x44F; &#x412;&#x435;&#x43B;&#x438;&#x43A;&#x43E;&#x439; &#x41E;&#x43A;&#x442;&#x44F;&#x431;&#x440;&#x44C;&#x441;&#x43A;&#x43E;&#x439; &#x441;&#x43E;&#x446;. &#x440;&#x435;&#x432;&#x43E;&#x43B;&#x44E;&#x446;&#x438;&#x438;". &#x412;&#x441;&#x435;&#x441;&#x43E;&#x44E;&#x437;. &#x43D;&#x430;&#x443;&#x447;.-&#x43F;&#x440;&#x430;&#x43A;&#x442;. &#x43A;&#x43E;&#x43D;&#x444;. &#x43F;&#x43E; &#x43F;&#x440;&#x43E;&#x431;&#x43B;&#x435;&#x43C;&#x435; "&#x412;&#x435;&#x43B;&#x438;&#x43A;&#x430;&#x44F; &#x41E;&#x43A;&#x442;&#x44F;&#x431;&#x440;&#x44C;&#x441;&#x43A;&#x430;&#x44F; &#x441;&#x43E;&#x446;. &#x440;&#x435;&#x432;&#x43E;&#x43B;&#x44E;&#x446;&#x438;&#x44F; &#x438; &#x43E;&#x441;&#x432;&#x435;&#x449;&#x435;&#x43D;&#x438;&#x435; &#x435;&#x435; &#x432;&#x441;&#x435;&#x43C;&#x438;&#x440;&#x43D;&#x43E;-&#x438;&#x441;&#x442;. &#x437;&#x43D;&#x430;&#x447;&#x435;&#x43D;&#x438;&#x44F; &#x432; &#x43F;&#x440;&#x435;&#x43F;&#x43E;&#x434;&#x430;&#x432;&#x430;&#x43D;&#x438;&#x438; &#x43E;&#x431;&#x449;&#x435;&#x441;&#x442;&#x432;. &#x43D;&#x430;&#x443;&#x43A; &#x438; &#x438;&#x441;&#x442;. &#x434;&#x438;&#x441;&#x446;&#x438;&#x43F;&#x43B;&#x438;&#x43D; &#x432; &#x432;&#x44B;&#x441;&#x448;. &#x43F;&#x435;&#x434;. &#x448;&#x43A;&#x43E;&#x43B;&#x435;". 13-15 &#x441;&#x435;&#x43D;&#x442;.</subfield>
  </datafield>
  <datafield tag="210" ind1=" " ind2=" ">
    <subfield code="a">&#x41C;&#x43E;&#x441;&#x43A;&#x432;&#x430;</subfield>
    <subfield code="c">&#x411;. &#x438;.</subfield>
    <subfield code="d">1977</subfield>
  </datafield>
  <datafield tag="215" ind1=" " ind2=" ">
    <subfield code="d">21</subfield>
  </datafield>
  <datafield tag="710" ind1="1" ind2="2">
    <subfield code="a">&#x412;&#x441;&#x435;&#x441;&#x43E;&#x44E;&#x437;&#x43D;&#x430;&#x44F; &#x43D;&#x430;&#x443;&#x447;&#x43D;&#x43E;-&#x43F;&#x440;&#x430;&#x43A;&#x442;&#x438;&#x447;&#x435;&#x441;&#x43A;&#x430;&#x44F; &#x43A;&#x43E;&#x43D;&#x444;&#x435;&#x440;&#x435;&#x43D;&#x446;&#x438;&#x44F; &#x43F;&#x43E; &#x43F;&#x440;&#x43E;&#x431;&#x43B;&#x435;&#x43C;&#x435; "&#x412;&#x435;&#x43B;&#x438;&#x43A;&#x430;&#x44F; &#x41E;&#x43A;&#x442;&#x44F;&#x431;&#x440;&#x44C;&#x441;&#x43A;&#x430;&#x44F; &#x441;&#x43E;&#x446;&#x438;&#x430;&#x43B;&#x438;&#x441;&#x442;&#x438;&#x447;&#x435;&#x441;&#x43A;&#x430;&#x44F; &#x440;&#x435;&#x432;&#x43E;&#x43B;&#x44E;&#x446;&#x438;&#x44F; &#x438; &#x43E;&#x441;&#x432;&#x435;&#x449;&#x435;&#x43D;&#x438;&#x435; &#x435;&#x435; &#x432;&#x441;&#x435;&#x43C;&#x438;&#x440;&#x43D;&#x43E;-&#x438;&#x441;&#x442;&#x43E;&#x440;&#x438;&#x447;&#x435;&#x441;&#x43A;&#x43E;&#x433;&#x43E; &#x437;&#x43D;&#x430;&#x447;&#x435;&#x43D;&#x438;&#x44F; &#x432; &#x43F;&#x440;&#x435;&#x43F;&#x43E;&#x434;&#x430;&#x432;&#x430;&#x43D;&#x438;&#x438; &#x43E;&#x431;&#x449;&#x435;&#x441;&#x442;&#x432;&#x435;&#x43D;&#x43D;&#x44B;&#x445; &#x43D;&#x430;&#x443;&#x43A; &#x438; &#x438;&#x441;&#x442;&#x43E;&#x440;&#x438;&#x447;&#x435;&#x441;&#x43A;&#x438;&#x445; &#x434;&#x438;&#x441;&#x446;&#x438;&#x43F;&#x43B;&#x438;&#x43D; &#x432; &#x432;&#x44B;&#x441;&#x448;&#x435;&#x439; &#x43F;&#x435;&#x434;&#x430;&#x433;&#x43E;&#x433;&#x438;&#x447;&#x435;&#x441;&#x43A;&#x43E;&#x439; &#x448;&#x43A;&#x43E;&#x43B;&#x435;"</subfield>
    <subfield code="f">1977</subfield>
    <subfield code="e">&#x41C;&#x43E;&#x441;&#x43A;&#x432;&#x430;</subfield>
    <subfield code="3">RU\NLR\AUTH\8810169205</subfield>
    <subfield code="9">834199</subfield>
  </datafield>
  <datafield tag="801" ind1=" " ind2="0">
    <subfield code="a">RU</subfield>
    <subfield code="b">NLR</subfield>
    <subfield code="g">psbo</subfield>
  </datafield>
  <datafield tag="801" ind1=" " ind2="1">
    <subfield code="a">RU</subfield>
    <subfield code="b">ELAR</subfield>
    <subfield code="2">rusmarc</subfield>
  </datafield>
  <datafield tag="801" ind1=" " ind2="2">
    <subfield code="a">RU</subfield>
    <subfield code="b">NLR</subfield>
    <subfield code="c">20111216</subfield>
    <subfield code="2">rusmarc</subfield>
  </datafield>
  <datafield tag="852" ind1=" " ind2=" ">
    <subfield code="a">NLR</subfield>
    <subfield code="j">77-4/23682</subfield>
  </datafield>
  <datafield tag="899" ind1=" " ind2=" ">
    <subfield code="a">RuMoRGB</subfield>
    <subfield code="j">&#x411; 77-37/231</subfield>
  </datafield>
  <datafield tag="899" ind1=" " ind2=" ">
    <subfield code="a">RuMoRGB</subfield>
    <subfield code="j">&#x411; 77-37/233</subfield>
  </datafield>
  <datafield tag="942" ind1=" " ind2=" ">
    <subfield code="c">BOOK</subfield>
  </datafield>
</record>
